000 00431nam a22001817a 4500
003 MPLRDC
005 20220104142904.0
008 210129b ||||| |||| 00| 0 eng d
082 _a177.1 YDF
100 _a沙永玲主编; 叶德芬编译
245 _a致胜的判断力
_c
250 _a初版
260 _a
_b书泉出版社
_c1987
300 _b
490 _a菁萃书系;6
650 _a
942 _cBK
_o177.1 YDF
999 _c34580
_d34570